书目信息 |
| 题名: |
笙
|
|
| 作者: | 刘小锋 主编 | |
| 分册: | ||
| 出版信息: | 长春 吉林文史出版社 2006 |
|
| 页数: | 187页 | |
| 开本: | 21cm | |
| 丛书名: | 中外艺术精粹 | |
| 单 册: | ||
| 中图分类: | J632.12 | |
| 科图分类: | ||
| 主题词: | 笙--吹奏法 , 笙 , 吹奏法 | |
| 电子资源: | ||
| ISBN: | 7-80702-248-5 | |
| 000 | 00816oam2 2200277 45 | |
| 001 | 012006042901 | |
| 005 | 20070104144009.35 | |
| 010 | @a7-80702-248-5@dCNY29.80 | |
| 092 | @aCN@b492771 | |
| 100 | @a20060429d2006 em y0chiy0120 ea | |
| 101 | 0 | @achi |
| 102 | @aCN@b220000 | |
| 105 | @aa z 000yy | |
| 200 | 1 | @a笙@Asheng@f刘小锋主编@Fliu xiao feng zhu bian |
| 210 | @a长春@c吉林文史出版社@c吉林音像出版社@d2006 | |
| 215 | @a187页@c图@d21cm | |
| 225 | 2 | @a中外艺术精粹 |
| 330 | @a本书主要介绍了笙的简介以及基本入门知识,基本技巧练习以及基本的练习曲,以及名家简介等内容。 | |
| 461 | 0 | @12001 @a中外艺术精粹 |
| 606 | 0 | @a笙@x吹奏法 |
| 606 | 0 | @a笙 |
| 606 | 0 | @a吹奏法 |
| 690 | @aJ632.12@v4 | |
| 701 | 0 | @a刘小锋@Aliu xiao feng@4主编 |
| 801 | 0 | @aCN@bLZJBOOK@c20070104 |
| 905 | @a10447@dJ632.12@e51 | |
| 笙/刘小锋主编.-长春:吉林文史出版社:吉林音像出版社,2006 |
| 187页:图;21cm.-(中外艺术精粹) |
| ISBN 7-80702-248-5:CNY29.80 |
| 本书主要介绍了笙的简介以及基本入门知识,基本技巧练习以及基本的练习曲,以及名家简介等内容。 |
| ● |
| 相关链接 |
|
|
|
|
正题名:笙
索取号:J632.12/51
 
预约/预借
| 序号 | 登录号 | 条形码 | 馆藏地/架位号 | 状态 | 备注 |
| 1 | 0561240 | 205612407 | 第一样本阅览室/ [索取号:J632.12/51] | 在馆 | |
| 2 | 0561241 | 205612416 | 第一借阅区/ [索取号:J632.12/51] | 在馆 | |
| 3 | 0561242 | 205612425 | 第一借阅区/ [索取号:J632.12/51] | 在馆 | |
| 4 | 0561243 | 205612434 | 第一借阅区/ [索取号:J632.12/51] | 在馆 | |
| 5 | 0561244 | 205612443 | 第一借阅区/ [索取号:J632.12/51] | 在馆 | |
| 6 | 0561245 | 205612452 | 第一借阅区/ [索取号:J632.12/51] | 在馆 | |
| 7 | 0561246 | 205612461 | 第一借阅区/ [索取号:J632.12/51] | 在馆 |